000 01041nam a2200217Ia 4500
999 _c43842
_d43842
001 10590
003 GE_BSU
005 20250519111652.0
008 181216s2011||||ge |||||||||||||| ||geo||
040 _cGE_BSU
041 _ageo
080 _a611(075.8) ხ–46
100 _aხეცურიანი, რამაზ
_925068
245 _aადამიანის ნორმალური ანატომია :
_bსახელმძღვ. სამედ. უმაღლ. სკოლის სტუდენტთათვის /
_cრამაზ ხეცურიანი; სამეცნ. რედ. ასმათ შუკაკიძე.
264 _aთბილისი :
_bშპს ფავორიტი,
_c2011.
300 _a338გვ.;
_bსურ.
_c23 სმ.
541 _h45ლ.
653 _aადამიანის ანატომია
700 _aშუკაკიძე, ასმათ
_eსამეცნიერო რედაქტორი
_96834
942 _cBK
_2udc